Estimación de la demanda por dinero en Chile en el corto y en el largo plazo: problemas frecuentes y posibles soluciones
Zapisane w:
| Główni autorzy: | , |
|---|---|
| Format: | Książka |
| Język: | hiszpański |
| Wydane: |
Santiago
Universidad de Santiago de Chile
1991
|
| Hasła przedmiotowe: | |
| Etykiety: |
Dodaj etykietę
Nie ma etykietki, Dołącz pierwszą etykiete!
|
MARC
| LEADER | 00000nam a2200000 a 4500 | ||
|---|---|---|---|
| 001 | UCX4186 | ||
| 003 | CL-VaPUC | ||
| 008 | 920323e19910000CL |||||||||||||||||spa|d | ||
| 082 | 0 | 4 | |a 332 |b VAL |2 21 |
| 100 | 0 | |a Valenzuela S., Mario |e author |9 320311 | |
| 700 | 0 | |a Moreno, John |e author |9 320312 | |
| 245 | 1 | 0 | |a Estimación de la demanda por dinero en Chile en el corto y en el largo plazo: problemas frecuentes y posibles soluciones |
| 246 | 1 | 0 | |a Encuentro anual de economistas de Chile 1990 |
| 300 | |a 43 h | ||
| 942 | |c BK | ||
| 945 | |d 19920323 00:00:00 | ||
| 260 | |a Santiago |b Universidad de Santiago de Chile |c 1991 | ||
| 650 | 0 | |a Dinero |9 314331 | |
| 650 | 7 | |a DEMANDA |2 CL-VaPUC |9 255172 | |
| 651 | 7 | |a CHILE |2 CL-VaPUC |9 320313 | |
| 583 | |a last modification |c 20170808 12:20:54 |k Rodrigo Vera | ||
| 999 | |c 224727 |d 224725 | ||